| 000 | 01031nam a22002897a 4500 | ||
|---|---|---|---|
| 003 | EG-ScBUE | ||
| 005 | 20220329132226.0 | ||
| 008 | 220329s2021 ua f 000 0 ara d | ||
| 017 | _a2021/23242 | ||
| 020 | _a9789770937310 | ||
| 040 |
_aEG-ScBUE _bara _erda _cEG-ScBUE _dEG-ScBUE |
||
| 043 | _af-ua--- | ||
| 082 | 0 | 4 |
_222 _a384.550962 _bم ع ت |
| 100 | 1 |
_aالمعتز بالله، طاهر، _eمؤلف. |
|
| 245 | 1 | 2 |
_aالدحيح : _bما وراء الكواليس / _cطاهر المعتز بالله. |
| 250 | _aالطبعة الأولى. | ||
| 264 | 1 |
_aالقاهرة : _bدار الشروق، _c2021. |
|
| 300 |
_a261 صفحة ؛ _c24 سم |
||
| 336 |
_2rdacontent _aنص _btxt |
||
| 337 |
_2rdamedia _aبدون وسيط _bn |
||
| 338 |
_2rdacarrier _aمجلد _bnc |
||
| 504 | _aيشتمل على إرجاعات ببليوجرافية. | ||
| 650 | 7 |
_aبرامج التليفزيون _xجوانب اجتماعية _zمصر. _2BUEsh |
|
| 653 |
_bCOMAME _cMarch2022 |
||
| 655 |
_vReading book _934232 |
||
| 942 | _2ddc | ||
| 999 |
_c29874 _d29845 |
||